LEADER 00938nam1-22003131i-450- 001 990000882830403321 005 20001010 035 $a000088283 035 $aFED01000088283 035 $a(Aleph)000088283FED01 035 $a000088283 100 $a20001010d--------km-y0itay50------ba 101 0 $aita 105 $ay-------001yy 200 1 $aLaterite soil Engineering Developments in Geotechnical Engineering Vol.9 210 $aAmsterdam$cElsevier Scient.Company$d1976 215 $ap.554$dill.$dcm 24 463 \1$1001990000899630403321$12001 $aVol.9 610 0 $aFondazione 700 1$aGidigasu,$bM.D.$043193 801 0$aIT$bUNINA$gRICA$2UNIMARC 901 $aBK 912 $a990000882830403321 952 $a03 F.0,43$b3236$fIINTC 952 $a03 SC.0,145$b877$fIINTC 959 $aIINTC 996 $aLaterite soil Engineering Developments in Geotechnical Engineering Vol.9$9356442 997 $aUNINA DB $aING01 LEADER 00886nam--2200337---450 001 990001611420203316 005 20210628115556.0 035 $a000161142 035 $aUSA01000161142 035 $a(ALEPH)000161142USA01 035 $a000161142 100 $a20040428d1917----km-y0itay0103----ba 101 0 $aita 102 $aIT 105 $a||||||||001yy 200 1 $aPensieri$fVincenzo Gioberti$gscelti a cura di V. Oiccoli 210 $aLanciano$cCarabba$d1917 215 $aXVI, 239 p.$d18 cm 410 0$12001 454 1$12001 461 1$1001-------$12001 700 1$aGIOBERTI,$bVincenzo$f<1801-1852>$068480 702 1$aPICCOLI,$bV. 801 0$aIT$bsalbc$gISBD 912 $a990001611420203316 951 $aII.1.D. 220$b4325 L.M. 959 $aBK 969 $aUMA 979 $aSIAV5$b10$c20040428$lUSA01$h0928 996 $aPensieri$9546134 997 $aUNISA